| 000 | 00969nam a2200241Ia 4500 | ||
|---|---|---|---|
| 001 | 1204 | ||
| 003 | GE_BSU | ||
| 008 | 181216s||||||||xx |||||||||||||| ||und|| | ||
| 020 | _a9992807652 | ||
| 040 | _cGE_BSU | ||
| 080 | _a338.439 | ||
| 100 | _aკოღუაშვილი, პაატა | ||
| 245 | _aსაქართველოს სასურსათო უშიშროება: რეალობა და პროგნოზები | ||
| 245 | _cრედ.: გიორგი ზიბზიბაძე | ||
| 260 | _aთბილისი | ||
| 260 | _bკოლორი | ||
| 260 | _c2004 | ||
| 300 | _a272 გვ. 18 სმ. | ||
| 541 | _h7 ლ. | ||
| 653 | _aსასურსათო საკითხი საქართველოში | ||
| 653 | _aსაქართველოს სასურსათო უშიშროება: რეალობა და პროგნოზები | ||
| 942 | _cBK | ||
| 999 |
_c35351 _d35351 |
||